Tvorba atraktivních statistických grafů v prostředí SAS
Možnosti štatistickej grafiky programového systému SAS pri vytváraní štatistických grafov na vysokej grafickej úrovni. Zameranie na funkcie procedúry SGPLOT (vo verzii systému SAS 9.4), ktorá podporuje tvorbu dekoratívnych štatistických grafov a umožňuje užívateľom systému SAS vytvárať všetky typy š...
Guardado en:
| Autor principal: | |
|---|---|
| Formato: | Capítulo de libro |
| Lenguaje: | checo |
| Materias: | |
| Etiquetas: |
Sin Etiquetas, Sea el primero en etiquetar este registro!
|
MARC
| LEADER | 00000naa a2200000 4500 | ||
|---|---|---|---|
| 001 | 0264010 | ||
| 005 | 20220715094003.4 | ||
| 041 | 0 | |a cze | |
| 044 | |a SK | ||
| 245 | 1 | 0 | |a Tvorba atraktivních statistických grafů v prostředí SAS |c Roman Pavelka |
| 520 | |a Možnosti štatistickej grafiky programového systému SAS pri vytváraní štatistických grafov na vysokej grafickej úrovni. Zameranie na funkcie procedúry SGPLOT (vo verzii systému SAS 9.4), ktorá podporuje tvorbu dekoratívnych štatistických grafov a umožňuje užívateľom systému SAS vytvárať všetky typy štatistických grafov - od jednoduchých stĺpcových grafov až po komplexné business grafy. Kľúčové funkcie pre vytváranie dekoratívnej štatistickej grafiky. Emotikony a piktogramy ako symboly pre značky v štatistickom grafe. | ||
| 610 | 2 | 0 | |a softvér |
| 610 | 2 | 0 | |a údaje štatistické |
| 610 | 2 | 0 | |a jazyky programovacie |
| 610 | 2 | 0 | |a metódy štatistické |
| 610 | 2 | 0 | |a štatistika |
| 610 | 2 | 0 | |a grafy |
| 610 | 2 | 0 | |a súbory štatistické |
| 610 | 2 | 0 | |a znaky štatistické |
| 610 | 2 | 0 | |a programovanie |
| 610 | 2 | 0 | |a systémy informačné |
| 100 | 1 | |a Pavelka, Roman | |